书目信息 |
| 题名: |
等离子体物理学导论
|
|
| 作者: | Chen , 陈 , F.F.陈 著 ;林光海 译 | |
| 分册: | ||
| 出版信息: | 北京 人民教育出版社 1980 |
|
| 页数: | 214页 | |
| 开本: | 25cm | |
| 丛书名: | ||
| 单 册: | ||
| 中图分类: | O53 | |
| 科图分类: | ||
| 主题词: | 等离子物理学 | |
| 电子资源: | ||
| ISBN: | ||
| 000 | 00790nam0 2200277 45 | |
| 001 | 0180005302 | |
| 005 | 20060922084706.48 | |
| 010 | @dCNY1.05 | |
| 091 | @a13012.0490 | |
| 100 | @a19950706d1980 em y0chiy0121 ea | |
| 101 | 1 | @achi@ceng |
| 102 | @aCN@b110000 | |
| 105 | @ay z 000yy | |
| 200 | 10 | @a等离子体物理学导论@Adeng li zi ti wu li xue dao lun@f()F.F.陈著@F()F.F.chen zhu@g林光海译 |
| 210 | @a北京@c人民教育出版社@d1980 | |
| 215 | @a214页@d25cm | |
| 510 | 1 | @aIntroduction to Plasma Physics@zeng |
| 606 | @a等离子物理学 | |
| 690 | @aO53@v3 | |
| 701 | A1 | @aChen@bF.F.@4著 |
| 701 | 1 | @a陈@Achen@bF.F.@4著 |
| 701 | 0 | @aF.F.陈@AF.F.chen@4著 |
| 702 | 0 | @a林光海@Alin guang hai@4译 |
| 801 | 2 | @aCN@bNLC@c20060922 |
| 801 | 0 | @aCN@bTSSF@c20060725 |
| 905 | @a10447@dO53@e5 | |
| 等离子体物理学导论/()F.F.陈著/林光海译.-北京:人民教育出版社,1980 |
| 214页;25cm |
| ISBN :CNY1.05 |
| ● |
| 相关链接 |
|
|
|
|
正题名:等离子体物理学导论
索取号:O53/5
 
预约/预借
| 序号 | 登录号 | 条形码 | 馆藏地/架位号 | 状态 | 备注 |
| 1 | 0431974 | 204319745 | 密集书库/ [索取号:O53/5] | 在馆 | |
| 2 | 0431975 | 204319754 | 密集书库/ [索取号:O53/5] | 在馆 | |
| 3 | 0431976 | 204319763 | 密集书库/ [索取号:O53/5] | 在馆 | |
| 4 | 0432928 | 204329280 | 密集书库/ [索取号:O53/5] | 在馆 | |
| 5 | 0432929 | 204329299 | 密集书库/ [索取号:O53/5] | 在馆 | |
| 6 | 0472514 | 204725146 | 密集书库/ [索取号:O53/5] | 在馆 |